00577nai a2200157Ia 4500003000900000008004100009022002300050040001600073245004800089260005100137310001400188362002600202521006900228650002900297856009300326IN-BaIIA211028c9999 xx s 000 0 eng d a1007-0214 (Online) cIIA Library 0aTsinghua Science and Technologyh[eJournal] aBeijing, ChinabTsinghua University Press(TUP) aBimonthly a1(1); 1996 - Present  bSubscribed through National Knowledge Resource Consortium (NKRC) aComputing and Processing uhttps://ieeexplore.ieee.org/servlet/opac?punumber=5971803yClick Here to Access eJournal